Les époque du théatre françois (Record no. 37001)
[ view plain ]
| 000 -LEADER | |
|---|---|
| campo de control de longitud fija | 00475nam a2200157 i 4500 |
| 001 - NÚMERO DE CONTROL | |
| campo de control | 37001 |
| 003 - IDENTIFICADOR DE NÚMERO DE CONTROL | |
| campo de control | ES-MaACL |
| 005 - FECHA Y HORA DE LA ÚLTIMA TRANSACCIÓN | |
| campo de control | 20230906155501.0 |
| 007 - CAMPO FIJO DE DESCRIPCIÓN FÍSICA--INFORMACIÓN GENERAL | |
| campo de control de longitud fija | t| |
| 008 - DATOS DE LONGITUD FIJA--INFORMACIÓN GENERAL | |
| campo de control de longitud fija | 030219s1906 fr ||||1| fre d |
| 100 1# - ENTRADA PRINCIPAL--NOMBRE DE PERSONA | |
| Nombre de persona | Brunetière, Ferdinand. |
| 9 (RLIN) | 32173 |
| 245 13 - MENCIÓN DEL TÍTULO | |
| Título | Les époque du théatre françois |
| Resto del título | : (1636-1650) / |
| Mención de responsabilidad, etc. | par Ferdinand Brunetière. |
| 260 ## - PUBLICACIÓN, DISTRIBUCIÓN, ETC. | |
| Lugar de publicación, distribución, etc. | [S.l. : |
| Nombre del editor, distribuidor, etc. | s.n., |
| Fecha de publicación, distribución, etc. | 1906] ( |
| Lugar de fabricación/manufactura | Coulommiers : |
| Fabricante | Paul Brodard) |
| 300 ## - DESCRIPCIÓN FÍSICA | |
| Extensión | 404 p. ; |
| Dimensiones | 19 cm. |
| 852 ## - LOCALIZACIÓN | |
| Ubicación | ES-MaACL |
| Número de control de estantería | F-8398 |
| Estatus retirado | Estado de pérdida | Estado de daño | No para préstamo | Biblioteca de origen | Biblioteca actual | Ubicación en estantería | Fecha de adquisición | Fuente de adquisición | Total de préstamos | Signatura topográfica completa | Código de barras | Visto por última vez | Precio de reemplazo | Tipo de ítem Koha |
|---|---|---|---|---|---|---|---|---|---|---|---|---|---|---|
| Biblioteca del Ateneo de Madrid | Biblioteca del Ateneo de Madrid | Sala Pecera Planta 2 | 17/01/2008 | F-8398 | 1038927 | 23/02/2023 | 23/02/2023 | Libro impreso |
